| 000 | 00509nam a2200181Ia 4500 | ||
|---|---|---|---|
| 003 | BUBTL | ||
| 008 | 151213s9999 xx 000 0 und d | ||
| 082 | _a347.5492MEC | ||
| 100 |
_aMehedi, Rafiqul Islam _92005 |
||
| 245 |
_aCivil Litigation in Bangladesh/ _c Dr. Rafiqul Islam Mehedi |
||
| 260 |
_aDhaka : _bBersha(Pvt) Ltd _cc2009. |
||
| 300 |
_a234 p. : _c24.5 cm. |
||
| 650 | _aLaw | ||
| 650 | _aLaw | ||
| 856 |
_k0 _l0 _yDownload |
||
| 942 |
_2ddc _cBK |
||
| 999 |
_c3776 _d3776 |
||